Opening Day Lineups: New York Mets - Statistics

General Stats
  • This quiz has been taken 1,234 times
    428 since last reset
  • The average score is 32 of 74
Answer Stats
# Starts Answer % Correct
7 Pete Alonso
97%
5 Francisco Lindor
95%
7 Brandon Nimmo
93%
1 Juan Soto
91%
7 David Wright
90%
6 Jeff McNeil
90%
3 Jacob deGrom
88%
1 Francisco Alvarez
83%
1 Mark Vientos
83%
4 Starling Marte
83%
1 Brett Baty
79%
2 José Reyes
78%
1 Tyrone Taylor
78%
1 Luisangel Acuña
72%
1 Luis Torrens
72%
1 Clay Holmes
68%
3 Noah Syndergaard
65%
3 Daniel Murphy
60%
1 Max Scherzer
59%
4 Yoenis Céspedes
59%
1 Matt Harvey
58%
5 Lucas Duda
57%
4 Michael Conforto
57%
3 Travis d'Arnaud
55%
1 Harrison Bader
50%
4 Ike Davis
50%
3 J.D. Davis
50%
1 Carlos Beltran
48%
4 Curtis Granderson
48%
1 Tylor Megill
48%
2 James McCann
47%
3 Amed Rosario
45%
2 Eduardo Escobar
45%
4 Juan Lagares
43%
2 Wilson Ramos
43%
1 Daniel Vogelbach
42%
3 Rubén Tejada
42%
1 Jose Quintana
41%
1 Bartolo Colón
40%
2 Johan Santana
40%
3 Robinson Canó
40%
2 Mark Canha
38%
1 Wilmer Flores
38%
2 Neil Walker
37%
2 Asdrubal Cabrera
33%
2 Jay Bruce
31%
1 Omar Narváez
31%
1 Todd Frazier
29%
1 DJ Stewart
27%
1 Kevin Plawecki
25%
2 Jason Bay
24%
1 Kevin Pillar
22%
1 Adrián González
21%
1 Ángel Pagán
21%
1 Dillon Gee
21%
1 Michael Cuddyer
21%
2 Josh Thole
20%
1 Jonathon Niese
19%
1 René Rivera
19%
1 Eric Young
18%
1 John Buck
16%
1 Luis Castillo
16%
1 Marlon Byrd
15%
1 Andrés Torres
14%
1 Mike Pelfrey
14%
1 Andrew Brown
12%
1 Willie Harris
9%
1 Rod Barajas
8%
1 Alex Cora
7%
1 Collin Cowgill
7%
1 Jeff Francoeur
7%
1 Mike Jacobs
6%
1 Brad Emaus
5%
1 Gary Matthews Jr.
5%
No matching quizzes found
Score Distribution
Percent of People with Each Score
Percentile by Number Answered
Your Score History
You have not taken this quiz since the last reset